Letecká střelba /

Uložené v:
Podrobná bibliografia
Hlavný autor: Ničik, G. P. (Author)
Médium: Kniha
Jazyk:Czech
Russian
Vydané: Praha : Naše vojsko, 1955.
Vydanie:Vyd. 1.
Edícia:Knižnice letectví ; sv. 13
ISBN: (viaz.)
Fyzický popis: 322 s. : il.
Tagy: Pridať tag
Žiadne tagy, Buďte prvý kto otaguje tento záznam!

MARC

LEADER 00000nam a2200000 a 4500
001 000125310
005 20091229132125.0
008 030513s1955 xr cze d
020 |a (viaz.) 
040 |a SVKKK  |b slo  |c SVKKK  |e AACR2 
041 1 |a cze  |h rus 
044 |a xr  |c CZ 
100 1 |a Ničik, G. P.  |4 aut 
245 1 0 |a Letecká střelba /  |c G.P. Ničik. 
250 |a Vyd. 1. 
260 |a Praha :  |b Naše vojsko,  |c 1955. 
300 |a 322 s. :  |b il. 
490 0 |a Knižnice letectví ;  |v sv. 13 
500 |a Preklad z ruštiny 
830 0 |a Knižnice letectví ;  |v sv. 13 
910 |a svkkk 
998 |a BK 
090 |g SCKHL  |k Sklad Pribinova 2. posch.  |a III.22390  |j 104963  |i 2720366319  |s Prezenčne 
090 |g SCKHL  |k Sklad Pribinova 2. posch.  |a III.33645  |j 99067  |i 2720368714  |s Prezenčne